Κοινωνική ψυχολογία
Αποθηκεύτηκε σε:
| Κύριος συγγραφέας: | |
|---|---|
| Άλλοι συγγραφείς: | , , |
| Μορφή: | Βιβλίο |
| Γλώσσα: | English |
| Δημοσίευση: |
Αθήνα :
Gutenberg,
2010.
|
| Θέματα: | |
| Ετικέτες: |
Προσθήκη ετικέτας
Δεν υπάρχουν, Καταχωρήστε ετικέτα πρώτοι!
|
MARC
| LEADER | 00000cam a2200000 i 4500 | ||
|---|---|---|---|
| 001 | 1/29921 | ||
| 008 | 130522s2010 gr | ||| |||| ||eng|| | ||
| 020 | |a 9789600113150 | ||
| 035 | |l 10114468 | ||
| 040 | |a GR-MY-UA |b gre |e aacr | ||
| 041 | 0 | |a eng | |
| 082 | 0 | |a 302 |2 (22) | |
| 100 | 1 | |a Hogg, Michael A., |d 1954- | |
| 245 | 1 | 0 | |a Κοινωνική ψυχολογία / |c Michael A. Hogg, Graham M. Vaugan ; μετάφραση: Ερρίκος Βασιλικός, Αλέξης Αρβανίτης, επιμέλεια: Αλεξάνδρα Χαντζή. |
| 260 | |a Αθήνα : |b Gutenberg, |c 2010. | ||
| 300 | |a 932 σ. : |b διαγρ. ; |c 27 εκ. | ||
| 504 | |a Περιλαμβάνει βιβλιογραφία και ευρετήριο. | ||
| 650 | 0 | 0 | |a Social psychology. |
| 700 | 1 | |a Vaughan, Graham M. | |
| 700 | 1 | |a Βασιλικός, Ερρίκος. |4 trl | |
| 700 | 1 | |a Χαντζή, Αλεξάνδρα. |4 edt | |
| 852 | |a INST |b CHIOS |e 20130830 |h 302 HOG |p 005200036541 |q 005200036541 |t BK |y 4 |x 20161118 | ||
| 852 | |a INST |b CHIOS |c EUDOXUS |e 20130522 |h 302 HOG |p 005200035248 |q 005200035248 |t EDX |y 4 |x 20190906 | ||
| 852 | |a INST |b LESVOS |c EUDOXUS |e 20130620 |h 302 HOG |p 005100052465 |q 005100052465 |t EDX |y 0 | ||
| 852 | |a INST |b LESVOS |c EUDOXUS |e 20130620 |h 302 HOG |p 005100052476 |q 005100052476 |t EDX |y 0 | ||
| 852 | |a INST |b LESVOS |c EUDOXUS |e 20140326 |h 302 HOG |p 005100053861 |q 005100053861 |t EDX |y 0 | ||
| 852 | |a INST |b LESVOS |c EUDOXUS |e 20140326 |h 302 HOG |p 005100053862 |q 005100053862 |t EDX |y 0 | ||
| 852 | |a INST |b LESVOS |c EUDOXUS |e 20150514 |h 302 HOG |p 005100056581 |q 005100056581 |t EDX |y 0 | ||
| 901 | |a BIBL2-2013-2 | ||
| 901 | |a BIBL1-2013-2 | ||
| 901 | |a BIBL1-2014-1 | ||
| 909 | |a Χ |b 175585 | ||
| 909 | |a Χ |b 179247 | ||
| 909 | |a Λ |b 179180 | ||
| 909 | |a Λ |b 179179 | ||
| 909 | |a Λ |b 186721 | ||
| 909 | |a Λ |b 186722 | ||
| 920 | |a ΕΥΔΟΞΟΣ |b ΠΑΡΑΓΓΕΛΙΑ |y Χίος |z 2013-05 | ||
| 920 | |a ΕΥΔΟΞΟΣ |b ΕΠΙΣΤΡΟΦΗ |y Λέσβος |z 2014-04 | ||
| 920 | |a ΕΥΔΟΞΟΣ |b ΠΑΡΑΓΓΕΛΙΑ |y Λέσβος |z 2013-04 | ||
| 920 | |a Εύδοξος |b Επιστροφή |y Λέσβος |z 2015-04 | ||
| 922 | |a 2ΕΛΗ |b 201306 |c ΤΑΚ/ΤΔΕ |d ΙΩΑΝΝΙΔΟΥ | ||
| 970 | |a ΠΟΥΛΑΚΗ |b ΣΤΕΛΛΑ |z 2013/05/22 | ||